| 000 | 02426 a2200241 4500 | ||
|---|---|---|---|
| 005 | 20260313085942.0 | ||
| 008 | 190917s2015 xxu||||| |||| 00| 0 eng d | ||
| 020 | _a9780881885491 (V.1) | ||
| 020 | _a9781423423669 (V.1) | ||
| 040 |
_aCO-BoUCM _bspa _cSandra Palacio (modificó) _dSaul Niño |
||
| 041 | 0 | _aeng | |
| 245 | 0 | 3 |
_aThe singer's musical theatre anthology _btenor. Volumen 1 _cCompilado y editado por Richard Walters |
| 260 |
_aMilwaukee _bHal Leonard _c2015 |
||
| 300 | _a1 partitura (volúmenes) | ||
| 505 | _aA continuación se listan los musicales (en letra mayúscula sostenida) con sus respectivas canciones (en letra minúscula): ALLEGRO You Are Never Away ASPECTS OF LOVE Seeing Is Believing THE BOYS FROM SYRACUSE Come With Me CABARET If You Could See Her CABARET Sitting Pretty CAN-CAN I Am in Love THE CAT AND THE FIDDLE The Breeze Kissed Your Hair THE CAT AND THE FIDDLE A New Love Is Old CATS The Ballad of Billy M’caw CELEBRATION Fifty Million Years Ago COMPANY Being Alive COMPANY Someone Is Waiting DO RE MI Make Someone Happy FANNY Fanny FINIAN’S RAINBOW When I’m Not Near the Girl I Love FLOWER DRUM SONG You Are Beautiful A FUNNY THING HAPPENED ON THE WAY TO THE FORUM Love, I Hear GYPSY All I Need Is the Girl JESUS CHRIST SUPERSTAR King Herod’s Song KISMET Stranger in Paradise LOST IN THE STARS The Wild Justice ME AND JULIET The Big Black Giant ME AND JULIET That’s the Way It Happens THE MIKADO A Wand’ring Minstrel I MY FAIR LADY On the Street Where You Live OKLAHOMA! Kansas City ONCE UPON A MATTRESS Many Moons Ago PAL JOEY I Could Write a Book PIPE DREAM All Kinds of People ROBERTA You’re Devastating SHENANDOAH The Only Home I Know SOUTH PACIFIC You’ve Got to Be Carefully Taught SOUTH PACIFIC Younger than Springtime STREET SCENE Lonely House SUNDAY IN THE PARK WITH GEORGE Finishing the Hat SWEENEY TODD Johanna SWEENEY TODD Ladies in Their Sensitivities SWEENEY TODD Not While I’m Around TWO BY TWO I Do Not Know a Day TWO BY TWO I Did Not Love You WISH YOU WERE HERE Wish You Were Here | ||
| 650 | 0 |
_998481 _aMusicales |
|
| 650 | 0 |
_aMusicales _vExtractos _vPartituras vocales con piano _9176704 |
|
| 650 | 7 |
_919976 _aMúsica |
|
| 653 | _aCanciones (voz alta) con piano | ||
| 700 | 1 | 0 |
_aWalters, Richard _eeditor _9188185 |
| 942 |
_cLIBRO _2DEWEY _a17 _e1 _h782.14 _mS617ten _n0 |
||
| 999 |
_c315055 _d315055 |
||